Foreign-Born Population: UK Quiz Stats

 Plays Quiz Updated Feb 9, 2017

Score 0/20 Timer 05:00
9 Plays Today
Foreign-Born Population Country % Correct
149,872France
95.4%
212,150United States
94.6%
776,603India
93.9%
322,220Germany
91.8%
302,618China
90.9%
503,288Ireland
87%
135,786Australia
84.2%
151,790Italy
82.2%
540,495Pakistan
82%
703,050Poland
78.5%
Foreign-Born Population Country % Correct
218,732South Africa
75.8%
230,143Bangladesh
53.8%
216,268Nigeria
52.3%
151,073Kenya
41.9%
172,829Jamaica
39.3%
139,570Philippines
34.6%
138,752Sri Lanka
33.8%
110,775Somalia
33.6%
132,942Zimbabwe
27.3%
116,861Lithuania
25%

You're not logged in!

Compare scores with friends on all Sporcle quizzes.
OR
Log In

Sporcle TV

Today on Sporcle TV


Watch our educational content, quiz creation guides, and fun videos on Sporcle TV.

Show Comments

Extras

Top Quizzes Today


Score Distribution

Your Account Isn't Verified!

In order to create a playlist on Sporcle, you need to verify the email address you used during registration. Go to your Sporcle Settings to finish the process.

Report this User

Report this user for behavior that violates our Community Guidelines.

Details: